000 00693nam a2200229Ia 4500
003 OSt
005 20220925181126.0
006 a|||||r|||| 00| 0
007 ta
008 220923b |||||||| |||| 00| 0 eng d
037 _cGeneral Book
040 _aRTL
_cRTL
_beng
041 _2eng
_aeng
082 _aX.243L.N7, M0/GD
110 _aPunjab Economic Adviser
_9252820
245 0 _aEvaluation report on the survey of first phase focal points in Bhatinda District
260 _aChandigarh
_bGovt Press India
_c1980
300 _aii,119p
_ccm.
700 _aPunjab Economic Adviser
_9252821
942 _hX.243L.N7, M0/GD
_cGB
_2CC
999 _c498412
_d498412